Biggest Cities in Odisha - Statistics

General Stats
  • This quiz has been taken 50 times
  • The average score is 6 of 10
Answer Stats
Population City % Correct
885,363 Bhubaneswar
100%
663,188 Cuttack
93%
200,564 Puri
80%
356,598 Brahmapur
66%
552,239 Raurkela
61%
266,271 Sambalpur
59%
177,751 Baleshwar
56%
129,228 Bhadrak
46%
116,849 Baripada
34%
98,238 Balangir
22%
No matching quizzes found
Score Distribution
Percent of People with Each Score
Percentile by Number Answered
Your Score History
You have not taken this quiz